Thuật toán và cấu trúc dữ liệu cho Java
Wedi'i Gadw mewn:
| Prif Awdur: | |
|---|---|
| Fformat: | Llyfr |
| Iaith: | Undetermined |
| Cyhoeddwyd: |
H.
Thống Kê
|
| Pynciau: | |
| Tagiau: |
Ychwanegu Tag
Dim Tagiau, Byddwch y cyntaf i dagio'r cofnod hwn!
|
| Thư viện lưu trữ: | Trung tâm Học liệu Trường Đại học Cần Thơ |
|---|
| LEADER | 00495nam a2200169Ia 4500 | ||
|---|---|---|---|
| 001 | CTU_51504 | ||
| 008 | 210402s9999 xx 000 0 und d | ||
| 020 | |b 89000 | ||
| 082 | |a 005.133 | ||
| 082 | |b Tr513 | ||
| 100 | |a Lê Minh Trung | ||
| 245 | 0 | |a Thuật toán và cấu trúc dữ liệu cho Java | |
| 245 | 0 | |c Lê Minh Trung | |
| 260 | |a H. | ||
| 260 | |b Thống Kê | ||
| 650 | |a data structures (computer science) | ||
| 980 | |a Trung tâm Học liệu Trường Đại học Cần Thơ | ||